| Tag |
First Indicator |
Second Indicator |
Subfields |
| LEADER |
00000cam a2200000 4500 |
| 001 |
in00000718751 |
| 005 |
20151016063734.0 |
| 008 |
770507s1945 oncafh 00010 eng c |
| 010 |
|
|
|a a 45005168
|
| 035 |
|
|
|a (OCoLC)02947518
|
| 035 |
|
|
|9 ADD7596AM
|
| 040 |
|
|
|a Harvard univ. Library
|c DMM
|d TXA
|d UtOrBLW
|
| 049 |
|
|
|a TXAM
|c [133004]
|
| 050 |
0 |
0 |
|a F1058
|b .C25
|
| 082 |
0 |
|
|a 971.4
|
| 092 |
|
|
|a 971.4
|b C168s
|
| 100 |
1 |
|
|a Calvin, D. D.
|q (Delano Dexter),
|d 1881-1948.
|
| 245 |
1 |
2 |
|a A saga of the St. Lawrence ;
|b timber & shipping through three generations /
|c by D. D. Calvin.
|
| 264 |
|
1 |
|a Toronto :
|b The Ryerson press,
|c [1945]
|
| 300 |
|
|
|a x, 176 pages :
|b frontispiece, illustrations, plates, 2 facsimiles on 1 . ;
|c 21 cm.
|
| 336 |
|
|
|a text
|b txt
|2 rdacontent
|
| 337 |
|
|
|a unmediated
|b n
|2 rdamedia
|
| 338 |
|
|
|a volume
|b nc
|2 rdacarrier
|
| 600 |
1 |
0 |
|a Calvin, Dileno Dexter,
|d 1798-1884.
|
| 600 |
1 |
0 |
|a Calvin, Hiram Augustus,
|d 1851-1932.
|
| 650 |
|
0 |
|a Lumber trade
|z Canada.
|
| 650 |
|
0 |
|a Lumber trade
|z United States.
|
| 650 |
|
0 |
|a Steam-navigation
|z Saint Lawrence River.
|
| 999 |
|
|
|a MARS
|
| 999 |
f |
f |
|s 57f52285-60df-3fe7-ba18-c1880d9a311a
|i 88009c38-7841-3da0-9296-0e8e67002b04
|t 0
|
| 952 |
f |
f |
|p ric
|a Texas A&M University
|b Rellis Campus
|c Joint Library Facility
|d Remote Storage
|t 0
|e F1058 C25
|h Library of Congress classification
|i unmediated -- volume
|m A14801509664
|
| 998 |
f |
f |
|a F1058 C25
|t 0
|l Remote Storage
|